Christ's table talk. (Record no. 5053)

000 -LEADER
fixed length control field 00593nam a2200181 a 4500
001 - CONTROL NUMBER
control field :::00002794$&:&@@
003 - CONTROL NUMBER IDENTIFIER
control field OkBaRHE
005 - DATE AND TIME OF LATEST TRANSACTION
control field 20000607103257.0
008 - FIXED-LENGTH DATA ELEMENTS--GENERAL INFORMATION
fixed length control field s1908 j 000 0 eng u
040 ## - CATALOGING SOURCE
Transcribing agency
100 1# - MAIN ENTRY--PERSONAL NAME
Personal name Hendrix, Eugene Russell.
245 10 - TITLE STATEMENT
Title Christ's table talk.
Statement of responsibility, etc A study in the method of our Lord.
260 ## - PUBLICATION, DISTRIBUTION, ETC. (IMPRINT)
Place of publication, distribution, etc Nashville, TN., :
Name of publisher, distributor, etc Publishing House of the M. E. Church
Date of publication, distribution, etc 1908
300 ## - PHYSICAL DESCRIPTION
Extent 212 p. ;
Dimensions 20 cm.
650 ## - SUBJECT ADDED ENTRY--TOPICAL TERM
Topical term or geographic name as entry element Jesus Christ
General subdivision Teachings
942 ## - ADDED ENTRY ELEMENTS (KOHA)
Source of classification or shelving scheme
Koha item type Books
Copies
Date acquired Full call number Damaged status Permanent Location Price effective from Not for loan Withdrawn status Koha item type Copy number Source of classification or shelving scheme Barcode Shelving location Lost status Date last seen
2010-04-14BS 2417 .H4 RHEMA Bible Training College2010-04-14  Books1 2794General Stacks 2018-03-16